Detalles MARC
| 000 -LIDER |
| fixed length control field |
00933nam a22002777a 4500 |
| 003 - IDENTIFICACDOR DE NÚMERO DE CONTROL |
| control field |
DO-SdBNP |
| 005 - DATE AND TIME OF LATEST TRANSACTION |
| control field |
20171129090506.0 |
| 008 - ELEMENTOS DE LONGITUD FIJA |
| fixed length control field |
171116b 1992 sp ||||| |||| 00| 0 spa d |
| 020 ## - ISBN |
| International Standard Book Number |
843205951X |
| 040 ## - FUENTE DE CATALOGACIÓN |
| Agencia que crea de manera original el registro |
BNPHU |
| Idioma de catalogación |
spa |
| Agencia que realiza la transcripción |
BNPHU |
| 041 17 - CÓDIGOS DE OBRAS TRADUCIDAS O EN VARIOS IDIOMAS |
| Código del idioma del texto/archivo de sonido o separata |
sps |
| Cód. del idioma original y/o traducciones intermedias del texto |
eng |
| 092 ## - LOCALLY ASSIGNED DEWEY DECIMAL CALL NUMBER |
| Número de clasificación |
xxxx |
| Número de ítem (Cutter) |
xxxx |
| 100 1# - ASIENTO PRINCIPAL -- NOMBRE PERSONAL |
| Nombre personal |
Overbye, Dennis |
| 240 10 - TITULO UNIFORME |
| Título uniforme |
Lonely hearts of the cosmos. |
| Idioma de una obra |
Español |
| 245 10 - MENCIÓN DE TITULO |
| Título |
Corazones solitarios en el cosmos / |
| Mención de responsabilidad |
Dennis Overbye ; traducción de María del Mar Moya y Miquel Muntaner. |
| 260 ## - PUBLICACIÓN, DISTRIBUCIÓN, ETC. (PIE DE IMPRENTA) |
| Lugar de publicación, distribución, etc |
Barcelona : |
| Nombre del editor, distribuidor, etc. |
Planeta, |
| Fecha de publicación, distribución, etc |
1992. |
| 300 ## - DESCRIPCIÓN FÍSICA |
| Extensión |
495 p., [16] p. de lám. : |
| Otros detalles físicos |
il. ; |
| Dimensiones |
24 cm. |
| 490 1# - MENCIÓN DE SERIES |
| Mención de serie |
Documento |
| Volume/sequential designation |
303 |
| 500 ## - NOTA GENERAL |
| Nota general |
Incluye datos del autor en la solapa de la cubierta |
| 700 12 - ASIENTO SECUNDARIO -- NOMBRE PERSONAL |
| Nombre personal |
Moya, María del Mar, |
| Mención de responsabilidad |
tr. |
| 700 12 - ASIENTO SECUNDARIO -- NOMBRE PERSONAL |
| Nombre personal |
Muntaner, Miquel, |
| Mención de responsabilidad |
tr. |
| 830 #0 - ASIENTO SECUNDARIO DE SERIE--TÍTULO UNIFORME |
| Título uniforme |
Documento |
| Volume number/sequential designation |
303 |
| 942 ## - ADDED ENTRY ELEMENTS (KOHA) |
| Source of classification or shelving scheme |
Dewey Decimal Classification |
| Koha item type |
Libros |
| 945 ## - INFORMACIÓN DE PROCESAMIENTO LOCAL |
| Información de procesamiento local |
Inventariado extranjero / 2017 BT |
| 956 ## - LOCAL ELECTRONIC LOCATION AND ACCESS (OCLC) |
| Nombre de host |
LOPEREZ |
| Número de acceso |
10 |
| Información de compresión |
20171116 |
| Procesador de solicitud |
0041 |
| Instrucción |
BPMSU |